[Event "Dortmund op-A"]
[Site "Dortmund"]
[Date "2003.08.03"]
[Round "3"]
[White "Raszelenberg, Patrick"]
[Black "Lutz, Juergen"]
[Result "0-1"]
[WhiteElo "1769"]
[BlackElo "2021"]
[PlyCount "96"]
[EventDate "2003.08.01"]
[EventType "swiss"]
[EventRounds "9"]
[EventCountry "GER"]
[SourceTitle "CBM 095 Extra"]
[Source "ChessBase"]
[SourceDate "2003.09.04"]
[SourceVersion "1"]
[SourceVersionDate "2003.09.04"]
[SourceQuality "1"]

1. e4 c5 2. Nf3 Nc6 3. c3 Nf6 4. d3 d6 5. Be2 g6 6. h3 Bg7 7. 0-0 0-0 8. Nbd2 Bd7 9. Re1 Nh5 10. Nf1 a5 11. N3h2 Nf6 12. a4 d5 13. Ng3 d4 14. c4 e5 15. Ng4 Nxg4 16. hxg4 Nb4 17. Bd2 Nc6 18. b3 Qh4 19. Qc1 Qd8 20. f3 Ra6 21. Kf2 Rb6 22. Rb1 Nb4 23. Rh1 f5 24. Nxf5 gxf5 25. gxf5 Bxf5 26. exf5 Rxf5 27. g4 Rf7 28. Kg3 Qd6 29. Qf1 e4+ 30. f4 e3 31. Be1 Rxf4 32. Qxf4 Be5 33. Rf1 Qc7 34. Qxe5 Qxe5+ 35. Kg2 Rg6 36. Bg3 Qe7 37. Rf5 Re6 38. Rbf1 Nc6 39. Rh1 Ne5 40. Rhh5 Nxg4 41. Bxg4 e2 42. Rhg5+ Kh8 43. Be1 h6 44. Rh5 Rg6 45. Kh3 Qe3+ 46. Rf3 Qg1 47. Bg3 e1Q 48. Rhf5 Qexg3+ 0-1